000 00414nam a2200181Ia 4500
003 OSt
005 20220325155946.0
008 211109s9999||||xx |||||||||||||| ||und||
040 _cSBCL
082 _a574
_bDAS-B
100 _aDEBAJYOTI DAS
245 0 _aBIOLOGICAL SCIENCES
260 _bNEW CENTRAL BOOK AGENCY
_aCALCUTTA
_c1988
300 _a148
630 _xGeneral Stack
650 _aBIOLOGY
942 _cBOOK
999 _c174
_d174